| 000 | 00677nam a22001577a 4500 | ||
|---|---|---|---|
| 003 | OSt | ||
| 005 | 20151130151409.0 | ||
| 008 | 151130b xxu||||| |||| 00| 0 eng d | ||
| 040 | _cRUA | ||
| 082 | _aFIS KER 1999 B169 Or.1 | ||
| 100 |
_94034 _aKER, NARET. |
||
| 245 | _aAn assessment of table fish marketing channel and the demand of table fish in the project areas, ការវាយតំកៃលើបណ្ដាញទីផ្សារត្រីសាច់និងតំរូវការសាច់នៅក្នុងតំបន់របស់គ្រោងការណ៍ | ||
| 260 |
_aPhnom Penh _bRUA _c1999 |
||
| 300 |
_a42p. _bill. _c29cm. |
||
| 942 |
_2ddc _cFIS |
||
| 999 |
_c3757 _d3757 |
||